00269nam a22000977a 4500008004100000040005500041080001100096245002500107260003000132300000900162230529b |||||||| |||| 00| 0 eng d aNational Science LibrarycNational Science Library a61bJ4 aReview of researches aNew Delhi: bICMR, c1953 a59p.